| 000 | 00666nam a2200241Ia 4500 | ||
|---|---|---|---|
| 003 | OSt | ||
| 005 | 20220918214429.0 | ||
| 006 | a|||||r|||| 00| 0 | ||
| 007 | ta | ||
| 008 | 220917b |||||||| |||| 00| 0 eng d | ||
| 024 | _a137,490 | ||
| 037 | _cTextual | ||
| 040 |
_aARTS _cARTS _beng |
||
| 041 |
_2eng _aeng |
||
| 082 | _aXM2.611, N4 | ||
| 100 |
_aMcHenry Dean E _9118659 |
||
| 245 | 0 |
_aLimited choices _b the political struggle for socialism in Tanzania |
|
| 260 |
_aLondon _bLyone Riennar Pub _c1994 |
||
| 300 |
_axvi,283p. _ccm. |
||
| 650 | _aECONOMICS | ||
| 942 |
_hXM2.611, N4 _cTEXL _2CC |
||
| 999 |
_c260571 _d260571 |
||